000 00701nam a2200241 i 4500
001 C2-0339396
003 PPAK
005 20180728141601.0
008 161215s2015 ii a|||| ||||| | tam d
020 _a9788192465784
040 _aPPAK
_beng
_cPPAK
_erda
082 0 4 _a158.1
_223
090 0 0 _a158.1
_bVAS
_dG
100 1 _aVasudev, Guruji,
_eauthor
245 1 0 _aMarupattu sinthiyungal
264 1 _aChennai, India :
_bSixthsense Publications ,
_c2015
300 _a144 pages :
_billustrations ;
_c22 cm
336 _2rdacontent
_atext
337 _2rdamedia
_aunmediated
338 _2rdacarrier
_avolume
650 1 0 _aSuccess - Psychological aspects. ; Self-realization.
942 _ddc
_cB
999 _c136665
_d136665